A Klasszikus zene népszerűsége a Z generációban
| Szerző: | |
|---|---|
| További közreműködők: | |
| Dokumentumtípus: | Diplomadolgozat |
| Kulcsszavak: | klasszikus modernizálás műfaj Z generáció zene |
| Online Access: | http://dolgozattar.uni-bge.hu/59695 |
MARC
| LEADER | 00000nta a2200000 i 4500 | ||
|---|---|---|---|
| 001 | dolg59695 | ||
| 005 | 20260409145434.0 | ||
| 008 | 260409suuuu hu om 000 hun d | ||
| 040 | |a BGE Dolgozattár Repozitórium |b hun | ||
| 041 | |a hu | ||
| 100 | 1 | |a Berencsi Boglárka | |
| 245 | 1 | 2 | |a A Klasszikus zene népszerűsége a Z generációban |c Berencsi Boglárka |h [elektronikus dokumentum] |
| 520 | 3 | |a A kutatás célja, hogy átfogó képet adjon arról, hogyan változik a klasszikus zene szerepe és jelenléte a Z generáció kulturális életében, és hogy miként alakíthatók a jövőbeni zenei élmények és platformok úgy, hogy a klasszikus zene ismét vonzóvá váljon a fiatal közönség számára, figyelembe véve a modern digitális világ kihívásait és lehetőségeit. Arra kerestem a választ, hogy milyen innovatív eszközök, előadásformák és kommunikációs csatornák segíthetik a klasszikus zene népszerűsítését ebben a korosztályban. Emellett vizsgáltam azt is, hogyan változott a komolyzene közönsége az elmúlt évtizedekben, és milyen stratégiák lehetnek eredményesek a fiatalok megszólításában. A kutatás során külön figyelmet fordítottam arra, hogy a Z generáció hogyan viszonyul más zenei műfajokhoz képest a klasszikus zenéhez, illetve milyen típusú előadások keltik fel leginkább az érdeklődésüket. | |
| 695 | |a klasszikus | ||
| 695 | |a modernizálás | ||
| 695 | |a műfaj | ||
| 695 | |a Z generáció | ||
| 695 | |a zene | ||
| 700 | 1 | |a Hübner Andrea Gabriella |e ths | |
| 856 | 4 | 0 | |u http://dolgozattar.uni-bge.hu/59695/1/Berencsi_Bogl%C3%A1rka_A_klasszikus_zene_n%C3%A9pszer%C5%B1s%C3%A9ge_a_Z_gener%C3%A1ci%C3%B3ban.pdf |z Dokumentum-elérés |
| 856 | 4 | 0 | |u http://dolgozattar.uni-bge.hu/59695/2/Berencsi%20Bogl%C3%A1rka.%20jav.pdf |z Dokumentum-elérés |
| 856 | 4 | 0 | |u http://dolgozattar.uni-bge.hu/59695/3/Berencsi_Bogl%C3%A1rka_KSZ_szok%C3%A1cskinga.pdf |z Dokumentum-elérés |